A tápéi helyzet
Elmentve itt :
| Szerző: | |
|---|---|
| Dokumentumtípus: | Cikk |
| Megjelent: |
1990-09-24
|
| Sorozat: | Délmagyarország
80 No. 242 |
| Kulcsszavak: | Tápé, Közigazgatás városigazgatás egyesülés Szeged-Tápé |
| Online Access: | http://dmarchiv.bibl.u-szeged.hu/83175 |
| LEADER | 00488nab a2200157 i 4500 | ||
|---|---|---|---|
| 001 | delm83175 | ||
| 005 | 20190925092656.0 | ||
| 008 | 190925s1990 hu o 0|| hun d | ||
| 040 | |a SZTE Délmagyarország Archívum |b hun | ||
| 041 | |a hun | ||
| 100 | 1 | |a Pacsika Emilia | |
| 245 | 1 | 2 | |a A tápéi helyzet |h [elektronikus dokumentum] / |c Pacsika Emilia |
| 260 | |c 1990-09-24 | ||
| 300 | |a 3 | ||
| 490 | 0 | |a Délmagyarország |v 80 No. 242 | |
| 695 | |a Tápé, Közigazgatás városigazgatás egyesülés Szeged-Tápé | ||